Statystyki dla DO CZEGO TRZEBA ZMUSZAĆ DZIECI?

Kliknij tutaj aby rozwiązać quiz!

Ogólne statystyki

  • Ten quiz został rozwiązany 98 razy
  • Średni wynik to 2 z 5

Statystyki odpowiedzi

Odpowiedź% Poprawnych
JEDZENIA
80%
NAUKI
76%
SPRZĄTANIA
54%
WSTAWANIA
17%
LEKARZA
7%

Rozkład punktacji

Percentyl według liczby udzielonych odpowiedzi

Procent ludzi z każdym wynikiem

Twoja historia wyników

Nie rozwiązałeś tego quizu